|
|
|
|
| LEADER |
00000cam a2200000 a 4500 |
| 001 |
vtls008310015 |
| 003 |
SK-MaSNL |
| 005 |
20260301122935.0 |
| 008 |
230403s1960 xo a f p 000 0 slo |
| 015 |
|
|
|a SNBA1960/06-00890
|
| 020 |
|
|
|q (viazané)
|
| 035 |
|
|
|a SK01SNK19600002232
|
| 035 |
|
|
|a urn:nbn:sk:snk-am3if99
|
| 035 |
|
|
|a urn:nbn:sk:snk-am00e83t
|
| 035 |
|
|
|a DA8E8F2C-453D-4666-A3BF-53FAB20F6A85
|
| 035 |
|
|
|a SKM000004695
|
| 040 |
|
|
|a SNK
|b slo
|c SNK
|e AACR2
|
| 041 |
0 |
|
|a slo
|
| 044 |
|
|
|a xo
|c SK
|
| 072 |
|
7 |
|a 82
|x Literatúra. Literárny život
|2 konspekt
|
| 072 |
|
7 |
|a 37.016
|x Učebné osnovy. Vyučovacie predmety. Učebnice
|2 konspekt
|
| 080 |
|
|
|a 372.41(075.2)
|2 1981
|
| 080 |
|
|
|a 37.016:82
|2 2011
|
| 080 |
|
|
|a (075.2)
|2 2011
|
| 080 |
|
|
|a (0.025.2)
|2 2011
|
| 080 |
|
|
|a 003.23
|2 2011
|
| 245 |
0 |
0 |
|a Živá abeceda
|b učebná pomôcka pre prípravný ročník
|c [zostavil kolektív autorov ; ilustrátor: Ľudovít Ilečko]
|
| 250 |
|
|
|a 1. vyd.
|
| 260 |
|
|
|a Bratislava
|b Slovenské pedagogické nakladateľstvo
|c 1960
|
| 300 |
|
|
|a 36 strán, [34] strán obrazových príloh
|b farebné ilustrácie
|c 21 cm
|
| 366 |
|
|
|e 60100 kusov
|
| 500 |
|
|
|a Ilustrované prídoštia
|
| 650 |
0 |
7 |
|a literárna výchova
|2 SNKPH
|9 1653
|
| 650 |
0 |
7 |
|a abeceda
|2 SNKPH
|9 2159
|
| 655 |
|
7 |
|a učebnice základných škôl
|2 SNKPH
|9 70187
|
| 655 |
|
7 |
|a šlabikáre
|2 SNKPH
|9 70665
|
| 655 |
|
7 |
|a ilustrované publikácie
|2 SNKPH
|9 109406
|
| 700 |
1 |
|
|a Ilečko, Ľudovít,
|d 1910-2009
|4 ill
|9 159813
|
| 852 |
|
|
|a Slovenská národná knižnica
|
| 954 |
|
|
|a odborná, vedecká literatúra pôvodná (slovenská)
|2 lita
|
| 958 |
|
|
|a RK
|
| 958 |
|
|
|a TL
|
| 958 |
|
|
|a OND
|
| 958 |
|
|
|a DB
|
| 958 |
|
|
|a EUIPO
|
| 999 |
|
|
|c 734608
|d 736538
|
| 952 |
|
|
|a SNK
|b SNK
|y PREZ
|7 0
|p 17A0846997
|o snkSC 14214
|i snkKSP 1759/60
|0 0
|1 0
|4 0
|d 2020-03-13
|f 1
|l 0
|r 2025-07-16 00:00:00
|w 2026-02-23
|
| 952 |
|
|
|t Trezor
|a SNKUST
|b SNKUST
|y PREZ
|7 0
|p 17A0540724
|o snkSC 14214 D1
|i snkKSP 1760/60
|3 rekatalogizácia
|0 0
|1 0
|4 0
|d 2007-03-02
|l 0
|r 2025-03-21 00:00:00
|w 2026-02-23
|